000 00603 a2200205 4500
999 _c32168
_d32168
003 OSt
005 20260219140747.0
008 260219b ||||| |||| 00| 0 eng d
020 _a9781071925256
040 _c.
082 _a658.45
_bV446
100 _96649
_aVeltsos, Jennifer R.
245 _aManagerial Communication: Strategies and Application /
_cby Jennifer R. Veltsos , Geraldine E. Hynes
250 _a9th ed.
260 _bSage Publications,
_aLondon :
_c2025.
300 _a476 p.
650 0 _95684
_aManagerial communication
700 _95683
_aHynes, Geraldine E.
942 _2ddc
_cBK